Największe miasta Kuby - Statystyki

Ogólne statystyki
  • Ten quiz został rozwiązany 4 razy
  • Średni wynik to 2 z 15
Statystyki odpowiedzi
Populacja Miasto % Poprawnych
2,137,847 Hawana
100%
310,819 Camaguey
33%
213,375 Guantánamo
33%
431,411 Santiago de Cuba
33%
48,362 Artemisa
0%
159,014 Bayamo
0%
121,788 Ciego de Ávila
0%
153,048 Cienfuegos
0%
302,890 Holguín
0%
176,139 Las Tunas
0%
145,034 Matanzas
0%
45,926 Nueva Gerona
0%
144,910 Pinar del Río
0%
109,110 Sancti Spíritus
0%
217,907 Santa Clara
0%
Nie znaleziono quizów pasujących do podanych kryteriów
Rozkład punktacji
Procent ludzi z każdym wynikiem
Percentyl według liczby udzielonych odpowiedzi
Twoja historia wyników
Nie rozwiązałeś tego quizu